000 00820nam a2200253Ia 4500
003 OSt
005 20221005075554.0
006 a|||||r|||| 00| 0
007 ta
008 221004b |||||||| |||| 00| 0 eng d
024 _a23516
037 _cTextual
040 _aCRL
_cCRL
_beng
041 _2eng
_aeng
082 _aX:9F.2'N87t, N8
110 _aNational Commission on Self Employed Women and Women in the informal sectors, New Delhi
_9609717
245 0 _aShramshakti
_b Report
260 _aNew Delhi
_bNational commission on self employed women and
_c1998
300 _a370p.
_ccm.
650 _aECONOMICS
700 _aNational Commission on Self Employed Women and Women in the informal sectors, New Delhi
_9609718
942 _hX:9F.2'N87t, N8
_cTEXL
_2cc
999 _c984799
_d984799